[Event "Russian Championship B13 1st league 2016"]
[Site "Loo"]
[Date "2016.04.25"]
[Round "6.17"]
[White "Burdin, Shahrom"]
[Black "Zhukov, Ivan"]
[Result "1-0"]
[WhiteElo "1514"]
[BlackElo "1667"]
[PlyCount "120"]
[EventDate "2016.04.20"]

1. e4 c5 2. Nf3 d6 3. d4 cxd4 4. Nxd4 Nf6 5. Nc3 a6 6. a4 e6 7. Be2 Be7 8. O-O
O-O 9. Be3 Nc6 10. Nb3 a5 11. Qd2 Qc7 12. Rfd1 Rd8 13. Nb5 Qb8 14. Bb6 Rd7 15.
f3 d5 16. Qe3 Bd8 17. Kh1 Bxb6 18. Qxb6 Ra6 19. Qe3 b6 20. N3d4 Nxd4 21. Nxd4
Ra8 22. Bb5 Rc7 23. Nc6 Qb7 24. exd5 Bd7 25. Ne7+ Kf8 26. Bxd7 Rxd7 27. d6 Rad8
28. Qc3 Rxd6 29. Rxd6 Rxd6 30. Nc8 Rc6 31. Qa3+ Ke8 32. Nd6+ Rxd6 33. Qxd6 Qa6
34. Rd1 Nd5 35. Qe5 Kf8 36. h3 Qc4 37. Qe4 Qxe4 38. fxe4 Ne3 39. Rd6 Nc4 40.
Rc6 Nxb2 41. Rxb6 Nxa4 42. Ra6 Nc3 43. e5 a4 44. Kg1 g6 45. Kf1 Ke7 46. Ke1 h5
47. Kd2 Ne4+ 48. Ke3 Nc3 49. Kd3 Nd5 50. Rxa4 g5 51. Rd4 Nb6 52. Ke4 f5+ 53.
exf6+ Kxf6 54. g4 h4 55. c4 Na4 56. Rd8 Nc5+ 57. Kd4 Nb3+ 58. Kc3 Nc5 59. Kb4
Ne4 60. c5 Ke7 1-0

[Event "Russian Championship B13 1st league 2016"]
[Site "Loo"]
[Date "2016.04.25"]
[Round "6.18"]
[White "Onishchenko, Gennady"]
[Black "Polyakov, Anton"]
[Result "1/2-1/2"]
[WhiteElo "1612"]
[BlackElo "1799"]
[PlyCount "87"]
[EventDate "2016.04.20"]

1. e4 e5 2. Nf3 Nc6 3. Bb5 a6 4. Ba4 b5 5. Bb3 Nf6 6. O-O d6 7. Re1 Na5 8. d4
exd4 9. e5 dxe5 10. Nxe5 Be6 11. Nxf7 Kxf7 12. Bxe6+ Ke8 13. Bd5+ Be7 14. Bxa8
Qxa8 15. Qe2 Nc6 16. Bg5 Kf8 17. Qf3 Kf7 18. Bxf6 Bxf6 19. Qd5+ Kg6 20. Nd2 Nb4
21. Qb3 Nd5 22. Ne4 Be5 23. a4 c6 24. Ng3 Bf6 25. Qf3 Kf7 26. Ne4 Rd8 27. Nxf6
Nxf6 28. axb5 cxb5 29. Qxa8 Rxa8 30. Red1 Rc8 31. Rac1 Rd8 32. Rd3 Ke6 33. f3
Ke5 34. c3 Rd5 35. Re1+ Kd6 36. Rxd4 Rxd4 37. cxd4 Kd5 38. Rd1 Kc4 39. Kf2 Nd5
40. Rd2 a5 41. Ke1 b4 42. Kd1 a4 43. Kc1 b3 44. Re2 1/2-1/2

[Event "Russian Championship B13 1st league 2016"]
[Site "Loo"]
[Date "2016.04.25"]
[Round "6.19"]
[White "Akhmetshin, Alexander"]
[Black "Amirov, Ramil"]
[Result "1/2-1/2"]
[WhiteElo "1579"]
[BlackElo "1773"]
[PlyCount "78"]
[EventDate "2016.04.20"]

1. d4 f5 2. Bg5 h6 3. Bh4 g5 4. Bg3 Nf6 5. e3 Bg7 6. Bd3 d6 7. Ne2 O-O 8. f4
Ng4 9. Qd2 e5 10. h3 gxf4 11. exf4 e4 12. hxg4 exd3 13. Qxd3 fxg4 14. Nd2 Bf5
15. Qb3+ Kh7 16. O-O-O Nc6 17. c3 Na5 18. Qa4 Qe7 19. Rde1 b6 20. Bh4 Qf7 21.
Ng3 Qd5 22. Nxf5 Rxf5 23. g3 c5 24. dxc5 dxc5 25. Qe4 b5 26. Qxd5 Rxd5 27. Re7
Kg8 28. Rhe1 b4 29. Re8+ Rxe8 30. Rxe8+ Kh7 31. Re7 bxc3 32. bxc3 Kg6 33. Kc2
c4 34. Rxa7 Bf8 35. Ra6+ Kf7 36. Ra7+ Ke6 37. Ra6+ Kf7 38. Ra7+ Ke6 39. Ra6+
Kf7 1/2-1/2

[Event "Russian Championship B13 1st league 2016"]
[Site "Loo"]
[Date "2016.04.25"]
[Round "6.20"]
[White "Zhukov, Anton"]
[Black "Smelykh, Edvin"]
[Result "1-0"]
[WhiteElo "1767"]
[BlackElo "1595"]
[PlyCount "101"]
[EventDate "2016.04.20"]

1. d4 Nf6 2. c4 e6 3. g3 Bb4+ 4. Bd2 Bxd2+ 5. Qxd2 Ne4 6. Qc2 Qg5 7. Nc3 Nxc3
8. Qxc3 Nc6 9. Nf3 Qa5 10. Qxa5 Nxa5 11. Nd2 Nc6 12. Nf3 b6 13. Bg2 Bb7 14. Ne5
Nxe5 15. Bxb7 Rb8 16. dxe5 Rxb7 17. O-O-O Ke7 18. Rd3 Rbb8 19. Rhd1 Rhd8 20. b3
d6 21. exd6+ Rxd6 22. Rxd6 cxd6 23. e4 b5 24. cxb5 Rxb5 25. Kc2 f5 26. f3 fxe4
27. fxe4 Rh5 28. Rd2 Kf6 29. Kd3 a5 30. a3 Rb5 31. Kc4 Rc5+ 32. Kd4 Rc1 33. b4
axb4 34. axb4 Rb1 35. Rf2+ Ke7 36. Kc4 g5 37. Ra2 Rc1+ 38. Kd4 Rd1+ 39. Kc3 Kf6
40. b5 Rb1 41. Rb2 Rc1+ 42. Kd4 Rc7 43. b6 Rb7 44. g4 h6 45. h3 Ke7 46. Kc4 Kd7
47. Kb5 d5 48. exd5 exd5 49. Ka6 Kc8 50. Rc2+ Kb8 51. Rf2 1-0

[Event "Russian Championship B13 1st league 2016"]
[Site "Loo"]
[Date "2016.04.25"]
[Round "6.21"]
[White "Beloshapko, Matvej"]
[Black "Konovalov, Alexey"]
[Result "1-0"]
[WhiteElo "1741"]
[BlackElo "1560"]
[PlyCount "101"]
[EventDate "2016.04.20"]

1. e4 c5 2. Nc3 e6 3. Bc4 a6 4. a4 Nc6 5. f4 Nf6 6. Nf3 d5 7. exd5 exd5 8. Ba2
Bg4 9. O-O Qd7 10. Qe1+ Ne7 11. Ne5 Qe6 12. Nxg4 Nxg4 13. Nxd5 O-O-O 14. Qxe6+
fxe6 15. Nxe7+ Bxe7 16. Bxe6+ Kc7 17. Bxg4 Bf6 18. Re1 h5 19. Bf3 g5 20. fxg5
Bxg5 21. d3 Bh4 22. Bf4+ Kc8 23. g3 Bf6 24. Be5 Bxe5 25. Rxe5 h4 26. g4 Rdf8
27. Kg2 h3+ 28. Kg3 Rd8 29. b3 Rhf8 30. Rxc5+ Kb8 31. Re1 b6 32. Rf5 Rh8 33.
Re7 Rc8 34. Rff7 Rxc2 35. Rb7+ Kc8 36. Ra7 Kd8 37. Ra8+ Rc8 38. Rxc8+ Kxc8 39.
Bb7+ Kb8 40. Bxa6 Rd8 41. Kxh3 Rh8+ 42. Kg3 Re8 43. h4 Re3+ 44. Rf3 Re7 45. g5
Kc7 46. g6 Kd6 47. h5 Re5 48. Kh4 Ra5 49. Bb5 Ke5 50. g7 Ra8 51. Rf8 1-0

[Event "Russian Championship B13 1st league 2016"]
[Site "Loo"]
[Date "2016.04.25"]
[Round "6.22"]
[White "Mizirenkov, Stepan Dmitriev"]
[Black "Tsybulkin, Ivan"]
[Result "1-0"]
[WhiteElo "1567"]
[BlackElo "1685"]
[PlyCount "83"]
[EventDate "2016.04.20"]

1. d4 e6 2. Nc3 b6 3. Bf4 Bb7 4. Nf3 f5 5. h4 Nf6 6. e3 Be7 7. Be5 d6 8. Bxf6
Bxf6 9. Rh2 O-O 10. Be2 e5 11. d5 e4 12. Nd4 Bxh4 13. Ne6 Qe7 14. Nxf8 Kxf8 15.
g3 Bf6 16. Rxh7 Kg8 17. Rh2 Bxc3+ 18. bxc3 Qe5 19. Qd4 Qxd4 20. cxd4 Bxd5 21.
c4 Be6 22. Kd2 Na6 23. Rah1 Kf7 24. Rh8 Rg8 25. Rxg8 Kxg8 26. Kc3 g6 27. a3 Nb8
28. Bd1 Nd7 29. Be2 Nf6 30. Rb1 Ng4 31. Bxg4 fxg4 32. a4 Kf7 33. c5 Bd7 34.
cxd6 c6 35. a5 bxa5 36. Rb7 Ke6 37. Rxa7 Kxd6 38. Rxa5 Bf5 39. Rxf5 gxf5 40.
Kc4 Kd7 41. Kc5 Kc7 42. d5 1-0

[Event "Russian Championship B13 1st league 2016"]
[Site "Loo"]
[Date "2016.04.25"]
[Round "6.23"]
[White "Zuev, Aleksandr"]
[Black "Goryachev, Ivan"]
[Result "1-0"]
[WhiteElo "1563"]
[BlackElo "1670"]
[PlyCount "87"]
[EventDate "2016.04.20"]

1. e4 c5 2. Nc3 Nc6 3. f4 g6 4. Bc4 Bg7 5. Nf3 d6 6. d3 Nf6 7. O-O Bg4 8. Be3
O-O 9. Qe1 Bxf3 10. Rxf3 Ng4 11. e5 Nd4 12. Bxd4 cxd4 13. exd6 dxc3 14. dxe7
Qb6+ 15. Kh1 Rfe8 16. bxc3 Qc5 17. Qg3 Nh6 18. Qg5 Qxe7 19. Bb5 f6 20. Qd5+ Qe6
21. Qxe6+ Rxe6 22. Bc4 Rae8 23. Re3 Kf7 24. Rae1 b5 25. Rxe6 Rxe6 26. Bxe6+ Kf8
27. d4 Nf7 28. Bxf7 Kxf7 29. d5 Bf8 30. Re6 Bc5 31. g3 f5 32. Kg2 Bb6 33. Kf3
Bg1 34. h3 Bc5 35. g4 Bb6 36. Ke2 Bc7 37. Ke3 Bb6+ 38. Kf3 Bc7 39. g5 Bb6 40.
Ke2 Bc7 41. Ke3 Bb6+ 42. Rxb6 axb6 43. Kd4 Ke7 44. Ke5 1-0

[Event "Russian Championship B13 1st league 2016"]
[Site "Loo"]
[Date "2016.04.25"]
[Round "6.24"]
[White "Tishkin, Boris"]
[Black "Tsymbal, Evgeny"]
[Result "0-1"]
[WhiteElo "1561"]
[BlackElo "1652"]
[PlyCount "90"]
[EventDate "2016.04.20"]

1. d4 d6 2. c4 e5 3. dxe5 dxe5 4. Qxd8+ Kxd8 5. Nc3 c6 6. Nf3 f6 7. Be3 Be6 8.
O-O-O+ Kc7 9. c5 Nd7 10. Ne4 Bd5 11. Nfd2 f5 12. Nd6 f4 13. N2e4 fxe3 14. fxe3
Bxe4 15. Nxe4 Ngf6 16. Ng5 Bxc5 17. Rd3 Rhe8 18. g3 Ng4 19. Bh3 Bxe3+ 20. Kb1
Bxg5 21. Bxg4 Nf6 22. Rhd1 Nxg4 23. Rd7+ Kb6 24. Rxg7 Ne3 25. Rd3 Rf8 26. Rb3+
Kc5 27. Rc3+ Kd4 28. Rxg5 Rf1+ 29. Rc1 Rxc1+ 30. Kxc1 Rf8 31. Kd2 Rf1 32. Rg4+
Nxg4 33. Kc2 Ne3+ 34. Kb3 b5 35. Kb4 Nd5+ 36. Ka5 Ra1 37. a3 Nc7 38. e3+ Kxe3
39. Kb4 Kd4 40. Kb3 e4 41. g4 e3 42. h4 e2 43. g5 e1=Q 44. g6 Qd1+ 45. Kb4 Qa4#
0-1

[Event "Russian Championship B13 1st league 2016"]
[Site "Loo"]
[Date "2016.04.25"]
[Round "6.25"]
[White "Filatov, Georgy"]
[Black "Shakirov, Marat"]
[Result "1/2-1/2"]
[WhiteElo "1545"]
[BlackElo "1648"]
[PlyCount "53"]
[EventDate "2016.04.20"]

1. d4 d5 2. c4 e6 3. Nc3 Nf6 4. e3 Be7 5. Nf3 O-O 6. Be2 Nbd7 7. O-O dxc4 8.
Bxc4 a6 9. a4 c5 10. b3 cxd4 11. exd4 Nb6 12. Be2 Bd7 13. Ne5 Rc8 14. Bb2 Bc6
15. Nxc6 Rxc6 16. Bf3 Rc7 17. Qe2 Rd7 18. Rfd1 Nbd5 19. Nxd5 Nxd5 20. Be4 Qb6
21. Bc2 Rfd8 22. Qh5 g6 23. Qh6 Bf8 24. Qh4 Be7 25. Qh6 Bf8 26. Qh4 Be7 27. Qh6
1/2-1/2

[Event "Russian Championship B13 1st league 2016"]
[Site "Loo"]
[Date "2016.04.25"]
[Round "6.26"]
[White "Darmogray, Makar"]
[Black "Zaspanov, Konstantin"]
[Result "1-0"]
[WhiteElo "1634"]
[BlackElo "1527"]
[PlyCount "111"]
[EventDate "2016.04.20"]

1. e4 c5 2. Nf3 Nc6 3. d4 cxd4 4. Nxd4 g6 5. Nc3 Bg7 6. Be3 Nf6 7. Bc4 O-O 8.
Bb3 a5 9. Qd2 a4 10. Bc4 Nxe4 11. Nxe4 d5 12. Nxc6 bxc6 13. Nc3 dxc4 14. O-O-O
Qxd2+ 15. Bxd2 Bf5 16. h3 Rfb8 17. Rhe1 Rb7 18. g4 Be6 19. a3 Rab8 20. Nxa4 h5
21. gxh5 Bf5 22. Bb4 e6 23. hxg6 Bxg6 24. Nc5 Bh6+ 25. Kb1 Rb5 26. Nd7 Ra8 27.
Rd6 Bg7 28. Rxc6 Rd8 29. Rd6 c3 30. Red1 Ra8 31. Nb6 Ra6 32. Nc8 Rxd6 33. Rxd6
cxb2 34. Ne7+ Kh7 35. Nxg6 Kxg6 36. c3 Rf5 37. Rd2 Rf3 38. Kxb2 Rxh3 39. a4 Rh8
40. a5 Ra8 41. Kb3 Bh6 42. Rd3 f5 43. c4 Kf6 44. c5 Bf8 45. c6 Rb8 46. Rd4 Bxb4
47. Rxb4 Rc8 48. Rc4 Ke7 49. Ka4 Kd6 50. Kb5 Kc7 51. a6 Rb8+ 52. Ka5 Ra8 53. f4
Rd8 54. a7 Ra8 55. Ka6 Rf8 56. Rc5 1-0

[Event "Russian Championship B13 1st league 2016"]
[Site "Loo"]
[Date "2016.04.25"]
[Round "6.27"]
[White "Aslanyan, Razmik"]
[Black "Tsukhaev, Musa"]
[Result "1/2-1/2"]
[WhiteElo "1630"]
[BlackElo "1518"]
[PlyCount "82"]
[EventDate "2016.04.20"]

1. d4 d5 2. c3 e6 3. e3 Nf6 4. Bd3 Nbd7 5. f4 Be7 6. Nf3 a6 7. O-O O-O 8. Nbd2
b6 9. Ne5 Bb7 10. Rf3 Ne4 11. Rh3 h6 12. Ndf3 Ndf6 13. g4 Nh7 14. Nd2 Bh4 15.
Qc2 Bf6 16. Nxe4 dxe4 17. Bxe4 Bxe4 18. Qxe4 Bxe5 19. Qxe5 Qd6 20. Qxd6 cxd6
21. Kf2 Nf6 22. Kf3 d5 23. Rg3 Ne4 24. Rg2 f6 25. Ke2 a5 26. Kd3 Kf7 27. Bd2
Rac8 28. Be1 Ke7 29. Rc2 Rc6 30. Rac1 Rfc8 31. c4 Kd7 32. b3 R6c7 33. cxd5 exd5
34. Rxc7+ Rxc7 35. Rxc7+ Kxc7 36. h3 g6 37. a3 Kc6 38. Kc2 Kb5 39. Kd3 Kc6 40.
Kc2 Kb5 41. Kd3 Kc6 1/2-1/2

[Event "Russian Championship B13 1st league 2016"]
[Site "Loo"]
[Date "2016.04.25"]
[Round "6.28"]
[White "Babayan, Arman"]
[Black "Dunaev, Denis"]
[Result "1/2-1/2"]
[WhiteElo "1513"]
[BlackElo "1628"]
[PlyCount "81"]
[EventDate "2016.04.20"]

1. e4 e6 2. d4 d5 3. Nd2 Nc6 4. c3 e5 5. dxe5 dxe4 6. Qa4 Qe7 7. Qxe4 Qxe5 8.
Ngf3 Qxe4+ 9. Nxe4 Bf5 10. Ng3 Bd7 11. Bc4 f6 12. Bf4 O-O-O 13. O-O-O Bc5 14.
Ne4 Bb6 15. Nd4 Nxd4 16. cxd4 h6 17. f3 f5 18. Nc3 Nf6 19. Rhe1 Rhe8 20. Be5
Ba5 21. Re3 c6 22. Red3 Bc7 23. Bxc7 Kxc7 24. d5 a6 25. dxc6 Bxc6 26. Rxd8 Rxd8
27. Re1 Re8 28. Rxe8 Bxe8 29. Be6 Bd7 30. Nd5+ Nxd5 31. Bxd5 b6 32. Kd2 Kd6 33.
Bb7 a5 34. Ke3 Ke5 35. f4+ Kd6 36. Kd4 Be6 37. a3 g5 38. g3 gxf4 39. gxf4 Bd7
40. Bd5 b5 41. b4 1/2-1/2

[Event "Russian Championship B13 1st league 2016"]
[Site "Loo"]
[Date "2016.04.25"]
[Round "6.29"]
[White "Aralovetc, Mikhail"]
[Black "Ivanov, Ilya"]
[Result "0-1"]
[WhiteElo "1625"]
[BlackElo "1498"]
[PlyCount "110"]
[EventDate "2016.04.20"]

1. e4 e6 2. d4 d5 3. Nc3 Nf6 4. Bg5 Be7 5. Bxf6 Bxf6 6. e5 Be7 7. Nf3 c5 8. Be2
Nc6 9. Bb5 Qb6 10. Rb1 a6 11. Bxc6+ bxc6 12. O-O cxd4 13. Nxd4 c5 14. Nf3 Bb7
15. Qe2 Bc6 16. a3 d4 17. Ne4 Bb5 18. Qd2 Bxf1 19. Kxf1 h6 20. Qf4 Qd8 21. h4
Rb8 22. b3 Rc8 23. Rd1 O-O 24. h5 f5 25. exf6 Bxf6 26. Qg4 Qd5 27. Re1 d3 28.
Rc1 Bb2 29. Rd1 dxc2 30. Rxd5 c1=Q+ 31. Ke2 exd5 32. Qe6+ Kh8 33. Nd6 Qc2+ 34.
Nd2 Bc3 35. Qe3 Qxd2+ 36. Qxd2 Bxd2 37. Nxc8 Rxc8 38. Kxd2 Kg8 39. Kd3 Kf7 40.
f4 Ke6 41. g4 Rb8 42. Kc3 Rf8 43. f5+ Ke5 44. b4 cxb4+ 45. Kxb4 Kf4 46. Kc5
Kxg4 47. Kxd5 Kxf5 48. a4 Re8 49. a5 Re5+ 50. Kc6 Rxa5 51. Kb6 Ra1 52. Kc5 Rb1
53. Kc4 a5 54. Kc3 a4 55. Kc2 Rb8 0-1

[Event "Russian Championship B13 1st league 2016"]
[Site "Loo"]
[Date "2016.04.25"]
[Round "6.30"]
[White "Dyatlov, Oleg"]
[Black "Bukatin, Arseny"]
[Result "1-0"]
[WhiteElo "1469"]
[BlackElo "1620"]
[PlyCount "155"]
[EventDate "2016.04.20"]

1. f4 d5 2. Nf3 Nf6 3. g3 Bg4 4. Bg2 e6 5. O-O Be7 6. d3 c5 7. Qe1 Nc6 8. c3
O-O 9. h3 Bxf3 10. Bxf3 Qd7 11. Bg2 d4 12. Na3 Rfd8 13. Nc4 Rac8 14. Qf2 Nd5
15. Bd2 b5 16. Ne5 Nxe5 17. fxe5 f5 18. a4 bxa4 19. Bxd5 Qxd5 20. Rxa4 c4 21.
cxd4 Qxd4 22. Qxd4 Rxd4 23. Bc3 Rd7 24. dxc4 Bc5+ 25. Kg2 Bb6 26. b3 Rcc7 27.
Rfa1 Kf7 28. Ba5 Bxa5 29. Rxa5 Ke7 30. Ra6 g5 31. Kf3 h5 32. Kf2 Rb7 33. R1a3
Rbc7 34. R3a5 Rb7 35. Ra3 Rdc7 36. Ke3 Rd7 37. c5 Rd5 38. Rxa7 Rxe5+ 39. Kf2
Rd7 40. Rxd7+ Kxd7 41. Ra7+ Kd8 42. b4 g4 43. h4 Re4 44. Rb7 f4 45. gxf4 Rxf4+
46. Kg3 Rf5 47. c6 Kc8 48. b5 Rc5 49. Kf2 Rc3 50. Rg7 Rc5 51. Rg5 Rf5+ 52. Kg2
Kc7 53. e4 Rf4 54. Rxh5 Rxe4 55. Kg3 Rb4 56. Rg5 Kd6 57. h5 Rb3+ 58. Kxg4 Rb4+
59. Kh3 Rb3+ 60. Kh4 Rb4+ 61. Kg3 Rb3+ 62. Kh4 Rb4+ 63. Kg3 Rb3+ 64. Kg2 Rb2+
65. Kh3 Rb3+ 66. Kh4 Rb4+ 67. Rg4 Rxb5 68. Rc4 Rb8 69. c7 Rc8 70. h6 Kd5 71.
Rc1 e5 72. h7 Kd4 73. Kg5 e4 74. Kg6 e3 75. Kg7 e2 76. h8=Q Rxc7+ 77. Rxc7 e1=Q
78. Qd8+ 1-0

[Event "Russian Championship B13 1st league 2016"]
[Site "Loo"]
[Date "2016.04.25"]
[Round "6.31"]
[White "Karnaukhov, Evgenii"]
[Black "Anchikov, Vladimir"]
[Result "0-1"]
[WhiteElo "1452"]
[BlackElo "1619"]
[PlyCount "98"]
[EventDate "2016.04.20"]

1. e4 e6 2. d4 d5 3. exd5 exd5 4. c4 Nf6 5. Nc3 Bb4 6. Bg5 dxc4 7. Bxc4 O-O 8.
Nge2 Nc6 9. O-O Bxc3 10. Nxc3 Qxd4 11. Bd3 Rd8 12. Bc2 Qxd1 13. Raxd1 Rxd1 14.
Rxd1 Be6 15. Nb5 Rc8 16. a3 a6 17. Nd4 Nxd4 18. Rxd4 Nd7 19. f3 h6 20. Bf4 g5
21. Bg3 Nf6 22. Be5 c5 23. Rd6 Nd7 24. Bc3 Kf8 25. Kf2 Ke7 26. Rd2 f6 27. Re2
Kf7 28. g3 Re8 29. Be4 Rb8 30. h4 b5 31. h5 Nf8 32. f4 gxf4 33. gxf4 Bg4 34.
Bd5+ Be6 35. Be4 b4 36. axb4 cxb4 37. Bd4 f5 38. Bd3 a5 39. Bc5 Nd7 40. Bd6 Rc8
41. Bb5 Nf6 42. Kf3 Ne4 43. Be5 Bd5 44. Ke3 Nf6 45. Rh2 Ng4+ 46. Ke2 Nxh2 47.
Bd7 Rc2+ 48. Ke3 Be4 49. Ba4 Rxb2 0-1

[Event "Russian Championship B13 1st league 2016"]
[Site "Loo"]
[Date "2016.04.25"]
[Round "6.32"]
[White "Kozlov, Denis"]
[Black "Romanov, Alamin"]
[Result "1-0"]
[WhiteElo "1617"]
[BlackElo "1452"]
[PlyCount "37"]
[EventDate "2016.04.20"]

1. d4 Nf6 2. Bf4 g6 3. e3 Bg7 4. Nf3 d6 5. Bd3 Nbd7 6. Nbd2 O-O 7. O-O h6 8.
Re1 Nh5 9. Bg3 Nxg3 10. hxg3 e5 11. c3 Re8 12. Qb3 Qf6 13. Ne4 Qe6 14. Bc4 Qe7
15. Nh4 Kf8 16. f4 Nb6 17. fxe5 g5 18. Rf1 Kg8 19. Rxf7 1-0

[Event "Russian Championship B13 1st league 2016"]
[Site "Loo"]
[Date "2016.04.25"]
[Round "6.33"]
[White "Bokov, Egor"]
[Black "Frolov, Artem"]
[Result "1-0"]
[WhiteElo "1615"]
[BlackElo "1359"]
[PlyCount "120"]
[EventDate "2016.04.20"]

1. e4 e6 2. Qe2 c5 3. d3 Nc6 4. Nf3 d6 5. g3 Bd7 6. Bg2 Be7 7. O-O Nf6 8. c3
Qc7 9. Bf4 e5 10. Be3 O-O 11. Nbd2 Rac8 12. Rfe1 a6 13. a4 Rfd8 14. Rac1 Bf8
15. d4 Ne7 16. dxe5 dxe5 17. a5 Nc6 18. Nc4 Re8 19. Nb6 Rcd8 20. b4 cxb4 21.
cxb4 Bxb4 22. Nd5 Qd6 23. Nxb4 Qxb4 24. Rb1 Qxe4 25. Nd2 Qf5 26. Rxb7 Nxa5 27.
Ra7 Bb5 28. Qf3 Qxf3 29. Bxf3 Rd7 30. Rxd7 Nxd7 31. Ra1 Nc4 32. Nxc4 Bxc4 33.
Bb7 Re6 34. Bc8 Bb5 35. Rd1 Re7 36. Bxa6 Bxa6 37. Bc5 Re8 38. Rxd7 f6 39. Kg2
Bb5 40. Rc7 Rd8 41. Kf3 f5 42. Re7 e4+ 43. Kf4 g6 44. Kg5 Rd7 45. Re8+ Kg7 46.
Bf8+ Kf7 47. Rb8 Bc6 48. Kh6 Rb7 49. Rc8 Be8 50. Bc5 Bd7 51. Rh8 Ke6 52. Rxh7
Bc6 53. Rh8 Bd7 54. Rg8 Rc7 55. Be3 Rc6 56. Kxg6 Ke7+ 57. Kg5 Kf7 58. Rb8 Kg7
59. h4 Rg6+ 60. Kh5 Ba4 1-0

[Event "Russian Championship B13 1st league 2016"]
[Site "Loo"]
[Date "2016.04.25"]
[Round "6.34"]
[White "Traschenko, Damir"]
[Black "Serov, Aleksandr"]
[Result "1-0"]
[WhiteElo "1733"]
[BlackElo "1349"]
[PlyCount "31"]
[EventDate "2016.04.20"]

1. e4 c6 2. Nc3 d5 3. Nf3 dxe4 4. Ng5 Nf6 5. Bc4 e6 6. O-O Bc5 7. Ngxe4 Nxe4 8.
Nxe4 Bb6 9. d3 O-O 10. Qh5 Nd7 11. Bg5 Qe8 12. Nd6 Nf6 13. Bxf6 Qd7 14. Qg5 g6
15. Qh6 Qxd6 16. Qg7# 1-0

[Event "Russian Championship B13 1st league 2016"]
[Site "Loo"]
[Date "2016.04.25"]
[Round "6.35"]
[White "Agabekov, Saveliy"]
[Black "Buyukli, Egor"]
[Result "1-0"]
[WhiteElo "1567"]
[BlackElo "1754"]
[PlyCount "115"]
[EventDate "2016.04.20"]

1. e4 e5 2. Nf3 Nc6 3. Bc4 Bc5 4. c3 Nf6 5. d4 exd4 6. e5 d5 7. Be2 Ne4 8. cxd4
Bb4+ 9. Bd2 Nxd2 10. Nbxd2 O-O 11. O-O f6 12. Nb3 a5 13. a3 Be7 14. Rc1 a4 15.
Nc5 Bxc5 16. Rxc5 Ne7 17. exf6 Rxf6 18. Ne5 c6 19. Rc3 Qb6 20. Qd2 Ng6 21. Nxg6
Rxg6 22. Bh5 Re6 23. Rg3 Qc7 24. Re1 Qe7 25. Rxe6 Qxe6 26. Re3 g6 27. Rxe6 Bxe6
28. Bf3 Re8 29. g3 Bh3 30. Bg2 Bf5 31. f4 Bg4 32. Kf2 Kf7 33. Bf3 Bxf3 34. Kxf3
Re4 35. Qb4 b5 36. Qc5 Re6 37. Qa7+ Re7 38. Qb6 Re6 39. Qc7+ Kf6 40. Qxh7 Re1
41. Qh8+ Kf7 42. Qh7+ Kf6 43. Qh4+ Kf7 44. Qd8 Rf1+ 45. Kg4 Rc1 46. Qd7+ Kf6
47. Qd6+ Kf7 48. Kg5 Re1 49. Qxg6+ Kf8 50. Kf6 Re7 51. Qh6+ Ke8 52. Qh3 Kd8 53.
Qh8+ Kd7 54. Qh3+ Kd8 55. Qe6 Rxe6+ 56. Kxe6 Ke8 57. Kd6 Kd8 58. Kxc6 1-0

[Event "Russian Championship B13 1st league 2016"]
[Site "Loo"]
[Date "2016.04.25"]
[Round "6.36"]
[White "Efanov, Aleksey"]
[Black "Melnikov, Vyacheslav"]
[Result "1/2-1/2"]
[WhiteElo "1693"]
[BlackElo "1491"]
[PlyCount "112"]
[EventDate "2016.04.20"]

1. e4 c5 2. Nf3 d6 3. d4 cxd4 4. Nxd4 Nf6 5. Nc3 a6 6. Bd3 e5 7. Nf3 Be6 8. O-O
Be7 9. Qe2 h6 10. Rd1 Qc7 11. h3 O-O 12. Nd2 b5 13. a3 Nc6 14. Nb3 Bxb3 15.
cxb3 Nd4 16. Qe3 Nxb3 17. Rb1 Nd4 18. Bd2 Ne6 19. Rbc1 Qa7 20. Qxa7 Rxa7 21.
Be3 Raa8 22. Nd5 Nxd5 23. exd5 Nf4 24. Bxf4 exf4 25. Rc6 Bf6 26. Rd2 Be5 27.
Rdc2 Rfb8 28. b3 a5 29. Bf5 g6 30. Rc8+ Kg7 31. Bd7 Rxc8 32. Rxc8 Rxc8 33. Bxc8
g5 34. f3 Bd4+ 35. Kf1 Kf6 36. Ke2 Bc5 37. a4 bxa4 38. bxa4 Ke5 39. Bb7 Kd4 40.
Bc6 f6 41. Ba8 h5 42. Bb7 Bb4 43. Ba8 f5 44. Bb7 g4 45. hxg4 fxg4 46. fxg4 hxg4
47. Ba8 Ke4 48. Bb7 Bc5 49. Ba8 Bd4 50. Bc6 g3 51. Bb7 f3+ 52. Kf1 Bf2 53. Bc6
fxg2+ 54. Kxg2 Kd4 55. Ba8 Kc5 56. Bb7 Kb4 1/2-1/2

[Event "Russian Championship B13 1st league 2016"]
[Site "Loo"]
[Date "2016.04.25"]
[Round "6.37"]
[White "Sobashnikov, Ivan"]
[Black "Bashev, Fyodor"]
[Result "0-1"]
[WhiteElo "1525"]
[BlackElo "1658"]
[PlyCount "72"]
[EventDate "2016.04.20"]

1. d4 d5 2. c4 e6 3. cxd5 exd5 4. Nc3 c6 5. Qc2 Be7 6. Nf3 Nf6 7. Bg5 Bg4 8.
Ne5 Be6 9. e3 Nbd7 10. Nxd7 Qxd7 11. Bd3 h6 12. Bh4 O-O 13. O-O Rfc8 14. a3 Qc7
15. Bg3 Bd6 16. Bxd6 Qxd6 17. h3 Bd7 18. Rac1 Re8 19. Bf5 Bxf5 20. Qxf5 Qd7 21.
Qxd7 Nxd7 22. b4 Nb6 23. b5 Nc4 24. bxc6 bxc6 25. a4 a5 26. Rfd1 Rab8 27. Rb1
Kf8 28. Rdc1 Rb4 29. Rxb4 axb4 30. Na2 Rb8 31. Rb1 b3 32. Nc1 b2 33. Nd3 Rb3
34. Ne5 f6 35. Nxc4 dxc4 36. a5 c3 0-1

[Event "Russian Championship B13 1st league 2016"]
[Site "Loo"]
[Date "2016.04.25"]
[Round "6.38"]
[White "Zhuravlev, Ignat"]
[Black "Chuklin, Ivan"]
[Result "1/2-1/2"]
[WhiteElo "1645"]
[BlackElo "1557"]
[PlyCount "85"]
[EventDate "2016.04.20"]

1. e4 c6 2. d4 d5 3. exd5 cxd5 4. Bd3 Nc6 5. c3 e5 6. dxe5 Nxe5 7. h3 Nf6 8.
Bf4 Bd6 9. Bxe5 Bxe5 10. Nf3 Bd6 11. O-O O-O 12. Nbd2 Bd7 13. Nd4 Bc5 14. N2f3
Qb6 15. Qc2 Rfe8 16. Nb3 Bd6 17. Nbd4 g6 18. Rae1 Bc6 19. Re2 Rxe2 20. Bxe2 Re8
21. Bd3 Bc5 22. b4 Bxd4 23. Nxd4 a6 24. Qd2 Kg7 25. Re1 Rxe1+ 26. Qxe1 Qc7 27.
Qe3 Qd6 28. Qg5 Bd7 29. Qe3 Bc6 30. Qd2 Bd7 31. Qg5 Qe7 32. Qe3 Qd6 33. Nf3 Bc6
34. Ne5 Nd7 35. Nxd7 Qxd7 36. Qd4+ Kg8 37. Qe3 Qe6 38. Qxe6 fxe6 39. f4 Kf7 40.
Kf2 Kf6 41. g3 e5 42. fxe5+ Kxe5 43. Ke3 1/2-1/2

[Event "Russian Championship B13 1st league 2016"]
[Site "Loo"]
[Date "2016.04.25"]
[Round "6.39"]
[White "Smirnov, Mark A"]
[Black "Yadigarov, Aivaz"]
[Result "1-0"]
[WhiteElo "1637"]
[BlackElo "1441"]
[PlyCount "139"]
[EventDate "2016.04.20"]

1. d4 Nf6 2. c4 g6 3. Nc3 d6 4. e4 Bg7 5. f4 O-O 6. Nf3 c5 7. d5 a6 8. a4 Qc7
9. Be2 Nbd7 10. O-O e5 11. fxe5 Nxe5 12. Nxe5 dxe5 13. Bg5 Qd6 14. Qe1 h6 15.
Be3 Ne8 16. Qf2 b6 17. a5 f5 18. exf5 Bxf5 19. Qg3 Rc8 20. Bg4 bxa5 21. Ne4 Qb6
22. Nxc5 Rxc5 23. Bxf5 Rxf5 24. Rxf5 gxf5 25. Qf2 Bf8 26. Qxf5 Qf6 27. Qg4+ Ng7
28. Rf1 Qd6 29. Bxc5 Qxc5+ 30. Kh1 Be7 31. b3 Qb6 32. Qc8+ Kh7 33. Qh3 Qd4 34.
Qf3 e4 35. Qd1 Qxd1 36. Rxd1 Nf5 37. g4 Ne3 38. d6 Bd8 39. Rd4 Nxg4 40. c5 Nf6
41. c6 e3 42. Rd1 e2 43. Re1 Ne8 44. c7 Nxc7 45. dxc7 Bxc7 46. Rxe2 Bd6 47. Re6
Bb4 48. Rxa6 Kg7 49. Kg2 Kh7 50. Kf3 Kg7 51. h4 Kh7 52. h5 Kg7 53. Ke4 Kh7 54.
Kd5 Kg7 55. Kc4 Bd2 56. Kb5 Kf7 57. Rd6 Bf4 58. Rd4 Be5 59. Rd5 Bc3 60. Rd6 Kg7
61. Ra6 Bd2 62. Rxa5 Kf6 63. Ka6 Bxa5 64. Kxa5 Kg5 65. b4 Kxh5 66. b5 Kg4 67.
b6 h5 68. b7 h4 69. b8=Q Kh3 70. Qf4 1-0

[Event "Russian Championship B13 1st league 2016"]
[Site "Loo"]
[Date "2016.04.25"]
[Round "6.40"]
[White "Abdulaev, Almaz"]
[Black "Fonichkin, Egor"]
[Result "1-0"]
[WhiteElo "1451"]
[BlackElo "1631"]
[PlyCount "81"]
[EventDate "2016.04.20"]

1. d4 d5 2. c4 e6 3. Nc3 Nf6 4. cxd5 exd5 5. Bg5 Nbd7 6. Nf3 c6 7. e3 Qa5 8.
Bd3 Ne4 9. Qc2 Nxc3 10. bxc3 h6 11. Bf4 Nf6 12. O-O Be7 13. Ne5 Nd7 14. c4 Bf6
15. Nxd7 Bxd7 16. Bd6 Be7 17. Bxe7 Kxe7 18. f3 Rhe8 19. Qb3 Rab8 20. e4 Be6 21.
Rfe1 Kf8 22. Rab1 Red8 23. exd5 cxd5 24. c5 Qc7 25. Qa3 a5 26. c6+ Kg8 27. cxb7
Rxb7 28. Rxb7 Qxb7 29. Qxa5 Ra8 30. Qd2 Qa7 31. Bb1 Rb8 32. Qd3 g6 33. Qe3 h5
34. Bxg6 fxg6 35. Qxe6+ Qf7 36. Qd6 Rb7 37. Re5 Rb1+ 38. Kf2 Rb2+ 39. Kg3 h4+
40. Kh3 Rb7 41. Qxd5 1-0